00562nam a2200169 i 450000100060000000300090000600500170001500700030003200800410003510000400007624500550011626000290017130000210020085200320022199900170025395201220027073198ES-MaACL20230906171712.0t|040907s1969 sp ||||1| spa d1 aGómez Espinosa, Margarita.95794710aEncuentro en Ibiza / cMargarita Gómez Espinosa. aMadrid : bIsla, c1969. a62 p. ; c21 cm. aES-MaACLjC-49893 bR.71846 c73198d73198 00104070aATENEOMbATENEOMcDEPO2d2008-01-17eSCl0oC-49893p1076625r2023-02-23 00:00:00w2023-02-23yMONOGRAFIA